00943nam a2200217 a 4500001001000000003000500010005001700015008004100032010001100073011001100084040000900095100002700104245018100131260004100312500006000353502010200413650005200515650004400567650004400611856007000655000114039CHAP20220329144424.0171023s2017 mx a fsm |||||||spa d a110500 a111472 cCHAP1 aLópez Pascual, Mayra10aAnálisis de la factibilidad técnica y financiera de un proyecto de producción de miel en el municipio de Hopelchén, Campeche /h[En línea]cpor Mayra López Pascual. aChapingo, Méx. :bEl autor,c2017. aPara ver el contenido del material haga clic en la liga aTesis (Ing. en Economía Agrícola) -- UACH. División de Ciencias Económico Administrativas14aMiel de abejasxAspecto económicoszCampeche.14aMiel de abejasxCostos de producción.14aMiel de abejasxProducciónzCampeche. aFinding aiduhttp://10.13.5.2/tesis/sist114039.pdfzTeclea aquí